| 000 | 00676cam a2200265 4500 | ||
|---|---|---|---|
| 008 | 090401t1999 xxu||||| |||| 00| 0 eng d | ||
| 020 | _a033367491X | ||
| 035 | _a(Sirsi) u92280 | ||
| 041 | _aeng | ||
| 050 | _a614.7026 | ||
| 100 | _aAlder, John | ||
| 245 | _aEnvironmental law and ethics. | ||
| 260 |
_aBasingstoke _bMacMillan Press _c1999 |
||
| 300 | _axxv,415p ; 21cm. | ||
| 350 | _a12.99 | ||
| 650 | _aCONSERVATION | ||
| 650 | _aCONTAMINATED LAND | ||
| 650 | _aENVIRONMENTAL LAW | ||
| 650 | _aPOLLUTION | ||
| 650 | _aWASTE MANAGEMENT | ||
| 690 | _aENVIRONMENTAL AND LAND CONSULTANCY | ||
| 700 | _aWilkinson, David | ||
| 942 | _n0 | ||
| 948 | _c23/03/1999 | ||
| 999 |
_c97737 _d97737 |
||